000 00605nam a22001937a 4500
999 _c8972
_d8972
003 AR-CdUCM
008 190327b ||||| |||| 00| 0 spa d
040 _aMUNICIPALIDAD PROVINCIAL DEL CUSCO
_cBIBLIOTECA MUNICIPAL DEL CUSCO
082 _a869.56 /
_bH46
100 _aHerrera de Angeles, I. Orfelinda
_923144
245 _aPoemas de mayo /
260 _aIca :
_bImpr. Panta,
_c1963.
300 _a51 páginas ;
_bilustraciones ;
_c21.5 cm.
650 _aPoesías peruanas
_91481
650 _aSiglo XX
_98
700 _aBracamonte Vera, José (ilustrador)
_924883
942 _2ddc
_cLIBROS
945 _azta